Administrative law (Record no. 28848)

MARC details
000 -LEADER
fixed length control field 00471nam a2200181Ia 4500
008 - FIXED-LENGTH DATA ELEMENTS--GENERAL INFORMATION
fixed length control field 230917s9999||||xx |||||||||||||| ||und||
020 ## - ISBN
Price RS500
040 ## - CATALOGING SOURCE
-- 251213
Original cataloging agency VIVEKANANDA LIBRARY
041 ## - Language
-- English
082 ## - DDC NUMBER
Classification number 342 U1A(10)
100 ## - MAIN ENTRY--PERSONAL NAME
Personal name Upadhyaya, J J R
245 #0 - TITLE STATEMENT
Title Administrative law
250 ## - EDITION STATEMENT
Edition statement 10th ed.
260 ## - PUBLICATION, DISTRIBUTION, ETC. (IMPRINT)
Place of publication, distribution, etc Allahabad
Name of publisher, distributor, etc Central Law Agency
Date of publication, distribution, etc 2017
300 ## - PHYSICAL DESCRIPTION
Pages xivii, 606 p.
500 ## - GENERAL NOTE
General note 3319 05/11/2018 HBD18/7563 05/12/2018 Main Budget
942 ## - ADDED ENTRY ELEMENTS (KOHA)
Koha item type Books
Holdings
Withdrawn status Lost status Damaged status Not for loan Location (home branch) Sublocation or collection (holding branch) Date acquired Koha issues (times borrowed) Koha full call number Accession No. Koha date last seen Koha item type
        VIVEKANANDA LIBRARY VIVEKANANDA LIBRARY 24/12/2018   342 U1A(10) 375599 17/09/2023 Books
        VIVEKANANDA LIBRARY VIVEKANANDA LIBRARY 24/12/2018   342 U1A(10) 375600 25/01/2025 Books
        VIVEKANANDA LIBRARY VIVEKANANDA LIBRARY 24/12/2018   342 U1A(10) 375601 17/09/2023 Books
        VIVEKANANDA LIBRARY VIVEKANANDA LIBRARY 24/12/2018   342 U1A(10) 375602 17/09/2023 Books
        VIVEKANANDA LIBRARY VIVEKANANDA LIBRARY 24/12/2018 2 342 U1A(10) 375603 23/12/2023 Books
© Designed and Maintained by Vivekananda Library, MDU Rohtak